000 00601nam a22001937a 4500
005 20240530110922.0
008 220221s1980 ua a g b 000 0 ara d
040 _aEG-CaGPL
_cEG-CaGPL
082 0 4 _221
_a813.009 \
_bع ق
100 0 _aعزيزة مريدن
245 1 2 _aالقصة والرواية /
_cعزيزة مريدن
250 _aط.1
260 _aدمشق :
_bدار الفكر،
_c1980
300 _a127 ص؛
_c24 سم
650 0 7 _aالادب العربى
_2qrmak
650 0 7 _aالقصص العربية
_2qrmak
942 _2ddc
_cBK
999 _c66496
_d66496